Les cités romaines de Tunisie /
محفوظ في:
المؤلف الرئيسي:
التنسيق: كتاب
اللغة: French
منشور في:
[Tunis :
Societé tunisienne de diffusion,
1968?]
الموضوعات:
الوسوم: إضافة وسم
لا توجد وسوم, كن أول من يضع وسما على هذه التسجيلة!
رقم الطلب: DT251 .M21
| LEADER | 00660nam a22002177a 4500 | ||
|---|---|---|---|
| 003 | OSt | ||
| 005 | 20260420165503.0 | ||
| 008 | 260420q1968 ti abf b 000 0 fre d | ||
| 010 | |a 72961760 | ||
| 040 | |c ARCE Library | ||
| 043 | |a f-ti--- | ||
| 050 | 1 | 4 | |a DT251 |b .M21 |
| 100 | 1 | |a Mahjoubi, Ammar, |e author |9 35154 | |
| 245 | 1 | 4 | |a Les cités romaines de Tunisie / |c Ammar Mahjoubi. |
| 264 | 1 | |a [Tunis : |b Societé tunisienne de diffusion, |c 1968?] | |
| 300 | |a 157 pages : |b illustrations, plans, color plates ; |c 22 cm. | ||
| 504 | |a Bibliography : pages 154-156. | ||
| 651 | 0 | |a Tunisia |x Antiquities, Roman. | |
| 901 | |a reviewed | ||
| 942 | |c BK |2 lcc | ||
| 999 | |c 16686 |d 16686 | ||
